[Event "Rhein Main op-B 21st"]
[Site "Bad Homburg"]
[Date "2018.05.31"]
[Round "3"]
[White "Schmid, Herbert"]
[Black "Bahlo, Jens"]
[Result "0-1"]
[WhiteElo "1715"]
[BlackElo "1987"]
[PlyCount "112"]
[EventDate "2018.05.30"]
[EventType "swiss"]
[EventRounds "7"]
[EventCountry "GER"]
[SourceTitle "EXT 2019"]
[Source "ChessBase"]
[SourceDate "2018.10.10"]
[SourceVersion "1"]
[SourceVersionDate "2018.10.10"]
[SourceQuality "1"]

1. e4 Nc6 2. d4 d5 3. e5 Bf5 4. c3 e6 5. Nf3 f6 6. exf6 gxf6 7. Nh4 Bg6 8. Nxg6 hxg6 9. Qg4 Kf7 10. Bd3 f5 11. Qe2 Bd6 12. h3 Qh4 13. Be3 Nf6 14. Nd2 Qh5 15. Nf3 Ne4 16. 0-0-0 a6 17. Rdg1 f4 18. Bd2 Nxd2 19. Qxd2 g5 20. Be2 Ke7 21. h4 gxh4 22. Rxh4 Qg6 23. Bd3 Qf6 24. Rgh1 Rxh4 25. Rxh4 Rh8 26. Rxh8 Qxh8 27. Qe1 Qh5 28. Qg1 Kf6 29. Kd2 Ne7 30. Be2 Qh6 31. Qh2 Qxh2 32. Nxh2 c5 33. dxc5 Bxc5 34. b4 Bb6 35. a4 Nf5 36. Kd3 Nd6 37. Kc2 e5 38. f3 Nf5 39. Nf1 Bf2 40. Kb3 Nh4 41. Nd2 Nxg2 42. c4 Be1 43. Kc3 Ne3 44. c5 Ke6 45. Kd3 e4+ 46. fxe4 Bxd2 47. exd5+ Nxd5 48. Kxd2 Nxb4 49. Bf3 Nc6 50. Kd3 Ne5+ 51. Ke4 Nxf3 52. Kxf3 Ke5 53. Kf2 Kd4 54. Kf3 Kxc5 55. Kxf4 Kb4 56. Ke3 Kxa4 0-1

[Event "Rhein Main op-B 20th"]
[Site "Bad Homburg"]
[Date "2017.06.16"]
[Round "4"]
[White "Bajorski, Leszek"]
[Black "Schmid, Herbert"]
[Result "1-0"]
[WhiteElo "1960"]
[BlackElo "1715"]
[PlyCount "39"]
[EventDate "2017.06.14"]
[EventType "swiss"]
[EventRounds "7"]
[EventCountry "GER"]
[SourceTitle "EXT 2018"]
[Source "ChessBase"]
[SourceDate "2017.10.13"]
[SourceVersion "1"]
[SourceVersionDate "2017.10.13"]
[SourceQuality "1"]

1. e4 c6 2. d4 d5 3. Nc3 dxe4 4. Nxe4 Bf5 5. Ng3 Bg6 6. h4 h6 7. Nf3 Nd7 8. h5 Bh7 9. Bd3 Bxd3 10. Qxd3 e6 11. Bd2 Ngf6 12. 0-0-0 Bd6 13. Kb1 0-0 14. Ne4 Nxe4 15. Qxe4 Nf6 16. Qe2 a5 17. g4 Nd5 18. c4 Nf4 19. Qe4 Re8 20. Bxf4 1-0

[Event "Rhein Main op-B 14th"]
[Site "Bad Homburg"]
[Date "2011.06.23"]
[Round "2"]
[White "Honert, Stefan"]
[Black "Schmid, Herbert"]
[Result "1-0"]
[WhiteElo "1392"]
[BlackElo "1843"]
[PlyCount "95"]
[EventDate "2011.06.22"]
[EventType "swiss"]
[EventRounds "7"]
[EventCountry "GER"]
[SourceTitle "EXT 2012"]
[Source "ChessBase"]
[SourceDate "2011.11.24"]
[SourceVersion "1"]
[SourceVersionDate "2011.11.24"]
[SourceQuality "1"]

1. d4 f5 2. e4 fxe4 3. Nc3 Nf6 4. Bg5 c6 5. Bxf6 exf6 6. Nxe4 Qa5+ 7. c3 Be7 8. Nf3 0-0 9. Be2 d5 10. Ned2 Nd7 11. 0-0 Re8 12. Re1 Nf8 13. Qb3 b5 14. a4 b4 15. c4 Bb7 16. cxd5 cxd5 17. Bb5 Ng6 18. Bxe8 Rxe8 19. Rac1 Rd8 20. Ne4 Kf8 21. Nc5 Bc8 22. g3 Qb6 23. h4 h5 24. Qd3 Kf7 25. Qb3 a5 26. Nd2 f5 27. Nf1 Qf6 28. Qd3 f4 29. Nd2 Bf5 30. Qe2 Bg4 31. Qd3 Bf5 32. Qe2 Qxd4 33. Ne6 Qf6 34. Nxd8+ Kg8 35. Ne6 fxg3 36. fxg3 Bg4 37. Qe3 Qxb2 38. Nd4 Bf6 39. N2f3 Ne7 40. Rb1 Qa2 41. Qb3 Qxb3 42. Rxb3 Nf5 43. Nxf5 Bxf5 44. Ng5 Bd7 45. Rd3 Bc6 46. Rxd5 Bxa4 47. Rxa5 Bc6 48. Ra8+ 1-0

[Event "Unterfranken-ch HA 62th"]
[Site "Gerolzhofen"]
[Date "2011.04.29"]
[Round "6"]
[White "Hinterleitner, Gerhard"]
[Black "Schmid, Herbert"]
[Result "1-0"]
[WhiteElo "1756"]
[BlackElo "1564"]
[PlyCount "65"]
[EventDate "2011.04.25"]
[EventType "swiss"]
[EventRounds "9"]
[EventCountry "GER"]
[SourceTitle "EXT 2015"]
[Source "ChessBase"]
[SourceDate "2014.11.20"]
[SourceVersion "1"]
[SourceVersionDate "2014.11.20"]
[SourceQuality "1"]

1. d4 f5 2. e4 d5 3. exd5 Qxd5 4. Nf3 Nf6 5. c4 Qd8 6. Nc3 c6 7. Bd3 e6 8. Qe2 Be7 9. Bf4 0-0 10. 0-0-0 Na6 11. h3 c5 12. dxc5 Qa5 13. Bd6 Re8 14. g4 Bxd6 15. cxd6 Bd7 16. Rhe1 Nb4 17. Bb1 Nc6 18. gxf5 exf5 19. Qd2 Qc5 20. b3 f4 21. Kb2 a5 22. Nd5 Rxe1 23. Nxf6+ gxf6 24. Rxe1 f5 25. Rd1 a4 26. Qd5+ Qxd5 27. Rxd5 a3+ 28. Kc3 Rf8 29. b4 Kg7 30. Kb3 Be6 31. Rd1 Ra8 32. Nd4 Ne5 33. Nxe6+ 1-0

[Event "Rhein Main op 13th"]
[Site "Bad Homburg"]
[Date "2010.06.03"]
[Round "2"]
[White "Happel, Juergen"]
[Black "Schmid, Herbert"]
[Result "1-0"]
[WhiteElo "1555"]
[BlackElo "1843"]
[PlyCount "101"]
[EventDate "2010.06.02"]
[EventType "swiss"]
[EventRounds "7"]
[EventCountry "GER"]
[SourceTitle "EXT 2011"]
[Source "ChessBase"]
[SourceDate "2010.11.26"]
[SourceVersion "1"]
[SourceVersionDate "2010.11.26"]
[SourceQuality "1"]

1. d4 f5 2. c4 Nf6 3. Nf3 e6 4. Nc3 d5 5. cxd5 exd5 6. Bf4 c6 7. a3 Be7 8. e3 0-0 9. h3 Ne4 10. Be2 Nd7 11. 0-0 Ndf6 12. Qc2 Qe8 13. Ne5 Nh5 14. Bxh5 Qxh5 15. Qd1 Qh4 16. Nf3 Qf6 17. Be5 Qg6 18. Ne2 f4 19. Nxf4 Rxf4 20. Bxf4 Bxh3 21. Ne1 Rf8 22. Qe2 h5 23. f3 Nf6 24. Qd3 Bf5 25. Qd2 h4 26. Bh2 Nh5 27. Qf2 Ng3 28. Rd1 Bd6 29. Rd2 Rf6 30. f4 Ne4 31. Qe2 Bg4 32. Nf3 Bxf3 33. Rxf3 Rf5 34. Rc2 Rh5 35. Rh3 Be7 36. Qe1 Nf6 37. Re2 Ng4 38. Kh1 Qe4 39. Qf1 Rf5 40. Qf3 Qb1+ 41. Bg1 Nh6 42. g4 hxg3 43. Qxg3 Rf6 44. Reh2 Rg6 45. Qf2 Ng4 46. Rh8+ Kf7 47. Qc2 Qf1 48. Rg2 Qf3 49. Qf5+ Bf6 50. Qd7+ Be7 51. Rf8+ 1-0